| 000 | 00578nam a2200181 i 4500 | ||
|---|---|---|---|
| 001 | 26482 | ||
| 003 | ES-MaACL | ||
| 005 | 20230906153441.0 | ||
| 007 | t| | ||
| 008 | 030109s1972 sp ||||1| spa d | ||
| 100 | 1 |
_aArquie, Georges. _923197 |
|
| 245 | 1 | 0 |
_aCompactación en carreteras y aeropuertos / _cGeorges Arquie ; Versión Luis Valero Alonso ; Prólogo de M. Dreyfus. |
| 260 |
_aBarcelona : _bEta, _c1972. |
||
| 300 |
_aXVI, 329 p. : _bil. ; _c25 cm. |
||
| 700 | 1 |
_aValero Alonso, Luis. _9112661 |
|
| 700 | 1 |
_aDreyfus, M. _945623 |
|
| 852 |
_aES-MaACL _jC-42342 _bR.80515 |
||
| 999 |
_c26482 _d26482 |
||